Zbiorniki wodne wokół Półwyspu Arabskiego - Statystyki

Ogólne statystyki
  • Ten quiz został rozwiązany 1 055 razy
  • Średni wynik to 4 z 8
Odpowiedzi na mapie
Odpowiedzi zakodowano w zielono-czerwonej skali na mapie do tego quizu, zgodnie z poniższymi procentami.
 
Statystyki odpowiedzi
Zbiornik wodny % Poprawnych
Morze {Czerwone}
95%
Zatoka {Perska}
87%
Morze {Arabskie}
80%
Zatoka {Omańska}
47%
Zatoka {Adeńska}
40%
Cieśnina {Ormuz}
36%
Zatoka {Akaba}
27%
Cieśnina {Bab al-Mandab}
19%
Nie znaleziono quizów pasujących do podanych kryteriów
Rozkład punktacji
Procent ludzi z każdym wynikiem
Percentyl według liczby udzielonych odpowiedzi
Twoja historia wyników
Nie rozwiązałeś tego quizu